Pokemon de la 9G par définitions Pokedex - Statistiques

Statistiques générales
  • Ce quiz a été pris 165 fois
  • Le résultat moyen est 14 sur 20
Statistiques - réponses
Descriptions Pokedex Pokémons % Correct
Ce Pokémon intimide ses adversaires grâce au bruit de ses pots d'échappement et répand du liquide empoisonné à l'aide de sa langue. Vrombotor
93%
Son corps robuste est composé de pièces empilées. Il accable ses adversaires en leur lançant des rafales de pièces. Gromago
88%
Sa salive toxique change de couleur selon son alimentation. Il en enduit ses doigts pour dessiner des motifs sur les arbres de la forêt. Tag-Tag
86%
On pense qu'il est la réincarnation d'un Pokémon chien errant qui a perdu la vie sans jamais avoir eu d'interaction avec les êtres humains. Toutombe
86%
Le sel dont il saupoudre les Pokémon blessés en frottant le bout de ses doigts guérit aussitôt toutes les blessures, même les plus graves. Gigansel
83%
Les êtres humains protègent ce Pokémon depuis longtemps, car la levure que contient son souffle est utile pour cuisiner. Pâtachiot
83%
Les os de ses ailes produisent de l'électricité grâce au vent. Pour chasser, ce Pokémon plonge dans la mer et électrocute ses proies. Zapétrel
83%
Ce Pokémon vit dans les déserts arides. Il ingère le fer que contient le sol afin d'entretenir son corps de métal. Ferdeter
81%
Il enserre sa proie de ses dix tentacules et lui vole ses nutriments, ce qui est douloureux. Les plis au-dessus de ses yeux sont appréciés pour leur goût. Terracruel
79%
Ce Pokémon convertit les nutriments en huile qu'il emmagasine dans le fruit qui surmonte sa tête. Il peut passer une semaine sans boire ni manger. Olivini
77%
Il vit sur les falaises escarpées et esquive les attaques en se déplaçant sur le côté. Il vise les points faibles de ses adversaires avec ses pinces. Craparoi
76%
Lorsqu'il fait tournoyer son cou pour frapper ses adversaires, il protège sa tête principale à l'aide de sa tête noire, qui est plus dure. Farigiraf
75%
Il aime utiliser l'anneau d'eau de sa queue quand il joue avec ses congénères et se sert d'ultrasons pour comprendre les émotions des autres. Dofin
72%
Ce Pokémon commande une grande armée, mais c'est un piètre stratège. Il s'obstine donc à recourir à la force brute. Scalpereur
72%
Ce Pokémon lave assidûment son visage pour éviter qu'il ne s'assèche. La composition de son pelage soyeux est proche de celle des plantes. Poussacha
62%
Très rusé, il fait mine d'être vulnérable et attire ainsi des proies qui se font ensuite attaquer par son redoutable partenaire. Nigirigon
59%
On pense qu'il fait un nœud à la base de son cou afin d'empêcher l'énergie qu'il accumule dans son ventre de s'échapper par son bec. Flamenroule
57%
Il possède un sens de l'odorat développé qu'il utilise uniquement pour chercher de la nourriture, ce qu'il fait à longueur de journée. Gourmelet
50%
Il présente des similitudes avec un fantôme de ptérosaure évoqué dans une revue sur les phénomènes paranormaux. Flotte-Mèche
39%
Il ressemble à une entité étrange décrite dans une revue sur les phénomènes paranormaux. D'après celle-ci, ce serait un ovni qui épie la race humaine. Mite-de-Fer
33%
Aucun quiz correspondant
Distribution des résultats
% des personnes avec chaque résultat
Percentile par nombre de réponses
Votre historique - résultats
Vous n’avez pas pris ce quiz